Sports Quiz

Random Sports Quiz

Bristol Rovers Last Minute Winners Quiz Stats

 Plays Quiz not verified by Sporcle

Challenge
Share
Tweet
Embed
Score 0/13 Timer 06:00
0 Plays Today
% Correct
Rickie Lambert
83.7%
Andy Williams
81.6%
Richard Walker
65.2%
Jo Kuffour
61%
Craig Disley
56%
Stuart Campbell
54.6%
Junior Agogo
47.5%
Lewis Haldane
45.4%
John Anderson
24.8%
James Hunt
19.9%
Andy Sandell
16.3%
Own Goal Anthony Grant
9.2%
Andy Thompson
7.1%

You're not logged in!

Compare scores with friends on all Sporcle quizzes.
OR
Log In

You Might Also Like...

Show Comments

Extras

Top Quizzes Today


Score Distribution

Your Account Isn't Verified!

In order to create a playlist on Sporcle, you need to verify the email address you used during registration. Go to your Sporcle Settings to finish the process.

Report this User

Report this user for behavior that violates our Community Guidelines.

Details: